000 01354cam a2200361 a 4500
001 1470
005 20230825145118.0
008 230825b cb ||||| |||| 00| 0 eng d
020 _a9780545255219
020 _a9780545798594
040 _aNJQ/DLC
_cNJQ
_dDLC
_dFISKH
_beng
050 0 0 _aPZ7.C21694
_bFie 2013
082 0 4 _a[Fic]
_223
100 1 _aCarman, Patrick.
245 1 4 _aThe field of wacky inventions /
_cby Patrick Carman.
260 _aNew York :
_bScholastic Press,
_c2013.
300 _a215 pages :
_c22 cm
490 0 _aA Floors novel ;
_vbook 3
505 _aO
520 _aLeo and Remi have gotten used to the strangeness of the Whippet Hotel, but when the entire top floor is hoisted into the sky and transported to the field of wacky inventions, they find that they must compete against a number of foes to solve a puzzle or lose their beloved hotel forever.
521 _a840
_bLexile
521 _aO
_bRaz-Plus
650 0 _aHotels
_vJuvenile fiction.
650 0 _aPuzzles
_vJuvenile fiction.
650 0 _aAdventure stories.
650 1 _aHotels, motels, etc.
_vFiction.
650 1 _aPuzzles
_vFiction.
650 1 _aAdventure and adventurers
_vFiction.
655 7 _aAdventure fiction.
_2gsafd
655 7 _aMystery fiction.
_2gsafd
906 _a7
_bcbc
_corignew
_d1
_eecip
_f20
_gy-gencatlg
942 _2ddc
_cBK
_n0
999 _c1470
_d1470